TV Shows Without People Quiz Stats

Quiz Updated Aug 8, 2016

Challenge
Share
Tweet
Score 0/20 Timer 10:00
6 Plays Today
% Correct
The Simpsons (Simpson residence)
96%
SpongeBob SquarePants (Squarepants residence)
94.7%
Star Trek: The Next Generation (The Bridge)
89.9%
Game of Thrones (Show symbol)
69.9%
Doctor Who (TARDIS)
69.4%
Futurama (Planet Express ship)
68.7%
The Brady Bunch (Living room)
58.6%
Downton Abbey (Downton)
58.2%
The Twilight Zone (Opening)
55.6%
Frasier (Eddie)
54%
% Correct
Lost (Smoke Monster)
49.1%
Arrested Development (Banana Stand)
47.1%
The Walking Dead (Opening)
43.9%
Dexter (Ice Truck Killer's gift)
32.6%
I Love Lucy (Vitameatavegamin)
32.1%
Battlestar Galactica (The fleet)
31.6%
Dragonball Z (Dragon Balls)
28.9%
Avatar: The Last Airbender (The iceberg)
23.1%
Merlin (The Great Dragon)
14.3%
Revenge (Double infinity on porch)
13.4%

You're not logged in!

Compare scores with friends on all Sporcle quizzes.
Sign Up with Email
OR
Log In

You Might Also Like...

Show Comments

Extras

Top Quizzes Today


Score Distribution

Your Account Isn't Verified!

In order to create a playlist on Sporcle, you need to verify the email address you used during registration. Go to your Sporcle Settings to finish the process.